000 00436nam a2200169Ia 4500
008 230711s9999||||xx |||||||||||||| ||und||
020 _a0-300-09512-0
041 _aENG
082 _a720.9045
_bJE-T
100 _aJenks,Charles
245 4 _aThe New Paradigm in Architecture
250 _a2nd Ed.
260 _c2008
_aMelbourne
_bYale University Press New Haven and London
300 _a279p.
650 _aArchitecture
942 _cBK
999 _c6797
_d6797